000 01883nam0a2200349 4500
001 RU\NLR\bibl\1070026
005 20260405125625.0
010 _a978-5-8365-0272-0
_91025
021 _aRU
_b2007-11382
_9607
035 _a(NLR Aleph) 001057259
090 _a916072
_c916072
100 _a20070409d2007 |||y0rusy50 ca
101 0 _arus
102 _aRU
105 _aa |||||||||
200 1 _aТеория и практика применения полимерных покрытий в оборудовании и сооружениях нефтегазовой отрасли
_dThe theory and practice in application of polymeric covers to equipment and building constructions in oil and gas industry
_fВ.Н. Протасов
210 _aМосква
_cНедра
_d2007
215 _a373,[1] с.
_cил.
_d22
300 _aАвт. также на англ. яз.: V.N. Protasov
320 _aБиблиогр.: с. 372 (13 назв.)
510 0 _6z12790
_aThe theory and practice in application of polymeric covers to equipment and building constructions in oil and gas industry
_zeng
606 1 _aНефтяные промыслы
_xОборудование
_xЗащитные покрытия полимерные
_xНанесение
_92468414
_3RU\NLR\auth\661466242
606 1 _aГазовые промыслы
_xОборудование
_xЗащитные покрытия полимерные
_xНанесение
_92468432
_3RU\NLR\auth\661466250
686 _aК721.801.7
700 1 _4070
_8rus
_7ca
_aПротасов
_bВ. Н.
_gВиктор Николаевич
_3RU\NLR\auth\7750904
_933838
790 1 _4070
_8rus
_7ba
_aProtasov
_bV. N.
_gViktor Nikolaevič
_3RU\NLR\auth\7750905
_933839
801 0 _aRU
_bNLR
_c20070409
_gRCR
801 1 _aRU
_bNLR
_c20070409
830 _aАвт. раскрыт по кн.
942 _cBOOK
980 _aNB